5 joueurs, 1 sélection - Statistiques

Statistiques générales
  • Ce quiz a été pris 404 fois
  • Le résultat moyen est 19 sur 20
Statistiques - réponses
Hint Réponse % Correct
Robinho - Gleison Bremer - Nilmar - Dani Alves - Jairzinho Brésil
100%
Paul Breitner - Philipp Lahm - Ulf Kirsten - Uli Hoeness - Serge Gnabry Allemagne
99%
Pedro - Raúl - Emilio Butragueño - Xavi - Cesc Fàbregas Espagne
99%
Simão - Fernando Gomes - Bruno Alves - Nani - Rui Costa Portugal
99%
Simon Kjær - Michael Laudrup - Thomas Helveg - Christian Eriksen - Peter Schmeichel Danemark
98%
Moise Kean - Christian Vieri - Dino Zoff - Silvio Piola - Lorenzo Insigne Italie
98%
Junya Ito - Ko Itakura - Keisuke Honda - Maya Yoshida - Hidetoshi Nakata Japon
98%
Dirk Kuyt - Daley Blind - Puck van Heel - Ruud Krol - Ronald Koeman Pays-Bas
98%
Islam Slimani - Rabah Madjer - Sofiane Feghouli - Riyad Mahrez - Faouzi Ghoulam Algérie
97%
Oscar Ruggeri - Gonzalo Montiel - Javier Mascherano - Sergio Romero - Mario Kempes Argentine
97%
Luis Díaz - Santiago Arias - René Higuita - Mario Yepes - Radamel Falcao Colombie
97%
Andreas Isaksson - Fredrik Ljungberg - Emil Forsberg - Alexander Isak - Henrik Larsson Suède
97%
Rigobert Song - Roger Milla - Samuel Eto’o - Geremi Njitap - Harold Moukoudi Cameroun
96%
Kenneth Dalglish - John McGinn - Darren Fletcher - Paul McStay - Andrew Robertson Ecosse
95%
Hakan Sükür - Mehmet Topal - Arda Turan - Cenk Tosun - Umut Bozok Turquie
95%
Dries Mertens - Jan Ceulemans - Roméo Lavia - Dedryck Boyata - Filip De Wilde Belgique
94%
Tim Howard - Clint Dempsey - Claudio Reyna - Sergiño Dest - Landon Donovan États-Unis
91%
Darijo Srna - Domagoj Vida - Marko Livaja - Eduardo da Silva - Ivica Olić Croatie
90%
Amr Zaki - Ahmed Hassan - Ahmed Fathy - Mostafa Mohamed - Mohamed Elneny Égypte
90%
Abedi Pelé - Daniel Amartey - Mohammed Kudus - André Ayew - Sulley Muntari Ghana
86%
Aucun quiz correspondant
Distribution des résultats
% des personnes avec chaque résultat
Percentile par nombre de réponses
Votre historique - résultats
Vous n’avez pas pris ce quiz